Des étoiles plein les yeux - Star Academy 2025/2026 - Statistiques

Statistiques générales
  • Ce quiz a été pris 36 fois
  • Le résultat moyen est 207 sur 297
Statistiques - réponses
Réponse % Correct
le
95%
de
89%
étoiles
89%
etoiles
89%
les
89%
plein
89%
y
89%
yeux
89%
a
84%
à
84%
dans
84%
des
84%
84%
la
84%
on
84%
se
84%
lumière
79%
que
79%
briller
74%
c'est
74%
croire
74%
ensemble
74%
mal
74%
nos
74%
regarde
74%
regards
74%
soirs
74%
tous
74%
vos
74%
bien
68%
du
68%
par
68%
pour
68%
quand
68%
Un
68%
un
68%
voit
68%
vrai
68%
écrit
63%
hasard
63%
jour
63%
moins
63%
rencontré
63%
rêves
63%
si
63%
tête
63%
vous
63%
chansons
58%
espoir
58%
soutien
58%
souvient
58%
croyait
53%
message
53%
nous
53%
s'est
53%
silence
53%
sur
53%
avait
47%
demander
47%
devant
47%
pourquoi
47%
toujours
47%
chaque
42%
distance
42%
flou
42%
pas
42%
peut-être
42%
semblait
42%
ca
37%
loin
37%
retrouve
37%
scène
37%
tout
37%
voix
37%
coute
32%
déja
32%
doute
32%
mais
32%
qu'on
32%
route
32%
voyait
32%
avançait
26%
droit
26%
enfin
26%
larme
26%
parce
26%
parfois
26%
plus
26%
ramenaient
26%
rien
26%
têtes
26%
coin
21%
coup
21%
même
21%
ne
21%
valait
21%
gardait
16%
repetait
16%
restait
16%
retient
16%
Aucun quiz correspondant
Distribution des résultats
% des personnes avec chaque résultat
Percentile par nombre de réponses
Votre historique - résultats
Vous n’avez pas pris ce quiz